000 00665nam a2200241Ia 4500
005 20260430150030.0
008 008 250103s9999 xx 000 0 eng d
037 _aTheses
040 _aCRL
040 _beng
040 _ceng
041 _2eng
041 _aeng
084 _qCRL
100 _aNath Soyinka Au.; Singh Shree Prakash Gu.
_91236248
245 0 _aSome studies on hybrid FSO/RF systems with shared RF
260 _c2022
300 _a256p.
650 _aTechnology
700 _aUniversity of Delhi. Faculty of Technology. Department of Electronics and Communications Engineering
_9548506
942 _cTH
999 _c1848775
_d1848775